000 00352nam a2200145Ia 4500
008 230711s9999||||xx |||||||||||||| ||und||
041 _aENG
082 _a624
_bMO-G
100 _aMontgomery,Douglas C
245 0 _aFundamental of geology
250 _a9th Ed.
260 _c1990
_aNew York
_bWilliam C. Brown
650 _aCivil Engineering
942 _cBK
999 _c619
_d619